Switzerland country trivia - Statistics

General Stats
  • This quiz has been taken 46 times
  • The average score is 13 of 20
Answer Stats
Hint Answer % Correct
How many cantons are there in Switzerland? 26
97%
Translate "Switzerland" into one of its official languages. Schweiz / Suisse / Svizzera / Svizra
92%
With which country does Switzerland have the shortest border? Liechtenstein
87%
Where did Vladimir Lenin, Kofi Annan and Jean-Jacques Rousseau all live? Geneva
84%
Name one of the three best-known Swiss tennis players. Roger Federer / Martina Hingis / Stan Wawrinka
84%
What is the term for a popular dish made of melted cheese and wine? Fondue
82%
Which peak is considered a national symbol and a trademark of Toblerone? the Matterhorn
82%
How many cantons have French as the only official language? 4
79%
Where do the evil elites of the world meet annually to discuss their formidable plans? Davos
74%
What is the main seat of the International Olympic Committee? Lausanne
71%
Where did the Winter Olympics take place in 1928 and 1948? St. Moritz
71%
Two big rivers have their source in the Gotthardmassiv; name any. the Rhine / the Rhone
66%
From what mythical figure linked to Switzerland is its Latin name derived? Helvetia
63%
What is the cultural capital of Switzerland? Basel
55%
In what year did Switzerland grant women the right to vote? 1971
53%
And what is the collective term for the francophone regions? Romandy
53%
What is, approximately, the percentage of the country covered by the Alps? 60
47%
What is the full, official name of the country? the Swiss Confederation
47%
What is the name they want you to think this event has? the World Economic Forum
37%
What is the motto of Switzerland? One for all, all for one
16%
No matching quizzes found
Score Distribution
Percent of People with Each Score
Percentile by Number Answered
Your Score History
You have not taken this quiz